01293nam a2200337Ia 450000500170000000800390001702000180005608200160007410000220009024501630011225000220027526400330029730000260033033600270035633700330038333800280041650000240044450000250046850000330049350000340052650400270056053400290058760000630061665000530067965000530073265000580078565000270084370000180087070000320088804000350092020220317000251.0141031s2010 ck 0 0 gpa d s spa a978958303449704a927.5bD18p1 aPhillips, Cynthia13aEl gran libro de Da Vincibexplore la vida y época del máximo representante del renacimientocCynthia Phillips, Shana Priwer ; traducción Diana Peláez aPrimera edición 1aBogotábPanamericanac2010 a261 páginasc23 cm. atextobtxt2rdacontent asin mediaciónbn2rdamedia avolumenbnc2rdacarrier aIncluye apéndices aIncluye cronología aIncluye glosario de terminos aIncluye índice alfabético aIncluye bibliografía tEverything Da Vinci Book14aLeonardo Da Vincid1452-1519xCrítica e interpretación142LEMBaArtistas italianosySiglo XVIvBiografía142LEMBaPintores italianosySiglo XVIvBiografía142LEMBaCientíficos italianosySiglo XVIvBiografía142LEMBaPintura italiana1 aPriwer, Shana1 aPeláez, Dianaetraductora aCO-BoRNBPbspaerdacCO-BoRNBP